000 00246nam a2200097Ia 4500
001 810141
005 20250826171515.0
008 250824s9999 xx 000 0 und d
245 0 _aKELOĞLAN MASALLARI
_cMÜNİRE DANİŞ
260 _bTİMAŞ YAYINLARI
999 _c810141
_d810141